[Event "Greek Team Championship"]
[Site "chess24.com"]
[Date "2017.07.08"]
[Round "7"]
[White "Litsas, Ioannis"]
[Black "Zenelis, Konstantinos"]
[Result "1/2-1/2"]
[Board "3"]
[WhiteElo "2105"]
[WhiteCountry "GRE"]
[WhiteFideId "4206886"]
[WhiteEloChange "-2"]
[BlackElo "2031"]
[BlackCountry "GRE"]
[BlackFideId "4204107"]
[BlackEloChange "2"]

1. d4 {[%clk 1:30:22]} d5 {[%clk 1:30:55]} 2. c4 {[%clk 1:30:32]} c6 {[%clk
1:31:16]} 3. Nf3 {[%clk 1:30:52]} Nf6 {[%clk 1:31:38]} 4. Nc3 {[%clk 1:31:16]}
dxc4 {[%clk 1:31:13]} 5. a4 {[%clk 1:31:42]} Bf5 {[%clk 1:31:37]} 6. Ne5 {[%clk
1:31:50]} e6 {[%clk 1:31:24]} 7. f3 {[%clk 1:31:34]} Nbd7 {[%clk 1:20:31]} 8. e4
{[%clk 1:25:12]} Bg6 {[%clk 1:20:36]} 9. Nxc4 {[%clk 1:25:16]} Bb4 {[%clk
1:11:32]} 10. Bg5 {[%clk 1:23:08]} Qc7 {[%clk 1:05:21]} 11. Qc1 {[%clk 1:12:34]}
O-O {[%clk 1:02:25]} 12. Bf4 {[%clk 1:10:06]} Qd8 {[%clk 1:02:17]} 13. Be2 {[%clk
1:06:48]} Nb6 {[%clk 0:45:40]} 14. Be3 {[%clk 1:06:09]} Nxc4 {[%clk 0:40:00]} 15.
Bxc4 {[%clk 1:06:32]} Nd7 {[%clk 0:40:20]} 16. O-O {[%clk 1:05:49]} Qe7 {[%clk
0:39:21]} 17. Na2 {[%clk 1:00:57]} Bd6 {[%clk 0:38:57]} 18. a5 {[%clk 0:55:26]}
f6 {[%clk 0:30:39]} 19. Nc3 {[%clk 0:49:59]} Bf7 {[%clk 0:29:41]} 20. Qc2 {[%clk
0:49:43]} b5 {[%clk 0:25:42]} 21. Bb3 {[%clk 0:48:35]} a6 {[%clk 0:25:51]} 22. f4
{[%clk 0:47:52]} Bb4 {[%clk 0:17:59]} 23. Qf2 {[%clk 0:37:37]} c5 {[%clk
0:16:40]} 24. Ne2 {[%clk 0:32:39]} Rfd8 {[%clk 0:14:04]} 25. f5 {[%clk 0:27:51]}
c4 {[%clk 0:11:28]} 26. fxe6 {[%clk 0:28:16]} Bxe6 {[%clk 0:11:37]} 27. Bc2
{[%clk 0:28:42]} Bf7 {[%clk 0:11:14]} 28. Nf4 {[%clk 0:28:44]} Nf8 {[%clk
0:10:56]} 29. Kh1 {[%clk 0:27:32]} Bg6 {[%clk 0:07:54]} 30. Qf3 {[%clk 0:25:04]}
Rac8 {[%clk 0:07:33]} 31. Rf2 {[%clk 0:23:50]} Bf7 {[%clk 0:07:35]} 32. Ne2
{[%clk 0:21:24]} Re8 {[%clk 0:07:08]} 33. h4 {[%clk 0:21:23]} f5 {[%clk 0:04:47]}
34. Qxf5 {[%clk 0:20:36]} Qxh4+ {[%clk 0:05:11]} 35. Kg1 {[%clk 0:20:51]} Be6
{[%clk 0:04:57]} 36. Qf4 {[%clk 0:19:16]} Qxf4 {[%clk 0:04:09]} 37. Nxf4 {[%clk
0:19:41]} Bf7 {[%clk 0:03:24]} 38. e5 {[%clk 0:19:21]} Rcd8 {[%clk 0:02:10]} 39.
Be4 {[%clk 0:19:18]} Ng6 {[%clk 0:01:51]} 40. Bc6 {[%clk 0:49:34]} Rf8 {[%clk
0:30:45]} 41. e6 {[%clk 0:46:17]} Be8 {[%clk 0:30:22]} 42. d5 {[%clk 0:23:19]}
Bxc6 {[%clk 0:13:24]} 43. dxc6 {[%clk 0:20:51]} Nxf4 {[%clk 0:13:08]} 44. Rxf4
{[%clk 0:21:05]} Rc8 {[%clk 0:12:32]} 45. Rxf8+ {[%clk 0:13:17]} Bxf8 {[%clk
0:12:57]} 46. Rd1 {[%clk 0:13:16]} Rxc6 {[%clk 0:12:32]} 47. Rd8 {[%clk 0:13:41]}
Rxe6 {[%clk 0:12:02]} 48. Bc5 {[%clk 0:14:00]} Rf6 {[%clk 0:12:26]} 49. Ra8
{[%clk 0:14:18]} Rf5 {[%clk 0:05:12]} 50. Bxf8 {[%clk 0:14:35]} Rxf8 {[%clk
0:05:36]} 51. Rxa6 {[%clk 0:15:01]} b4 {[%clk 0:03:09]} 52. Rc6 {[%clk 0:15:11]}
c3 {[%clk 0:03:16]} 53. bxc3 {[%clk 0:15:36]} bxc3 {[%clk 0:03:45]} 54. Rxc3
{[%clk 0:15:56]} Rf6 {[%clk 0:03:43]} 55. Rc8+ {[%clk 0:15:55]} Kf7 {[%clk
0:04:07]} 56. Rc7+ {[%clk 0:15:57]} Kg6 {[%clk 0:03:16]} 57. Rb7 {[%clk 0:16:20]}
Rf5 {[%clk 0:03:32]} 58. a6 {[%clk 0:15:44]} h5 {[%clk 0:03:04]} 59. a7 {[%clk
0:14:40]} Ra5 {[%clk 0:03:30]} 60. Kf2 {[%clk 0:15:00]} Kf6 {[%clk 0:03:10]} 61.
Ke3 {[%clk 0:15:12]} g5 {[%clk 0:02:45]} 62. Rb6+ {[%clk 0:12:14]} Kg7 {[%clk
0:03:01]} 63. Rb7+ {[%clk 0:09:15]} Kg6 {[%clk 0:03:29]} 64. Rb6+ {[%clk
0:09:21]} Kg7 {[%clk 0:03:57]} 65. Rb5 {[%clk 0:09:24]} Rxa7 {[%clk 0:04:15]} 66.
Rxg5+ {[%clk 0:09:48]} Kh6 {[%clk 0:04:41]} 67. Rg8 {[%clk 0:09:33]} Rg7 {[%clk
0:04:13]} 68. Rxg7 {[%clk 0:09:12]} Kxg7 {[%clk 0:04:41]} 69. Kf4 {[%clk
0:09:21]} Kg6 {[%clk 0:04:46]} 70. g3 {[%clk 0:09:45]} Kf6 {[%clk 0:05:10]} 71.
g4 {[%clk 0:10:03]} hxg4 {[%clk 0:05:10]} 1/2-1/2

[Event "Greek Team Championship"]
[Site "chess24.com"]
[Date "2017.07.08"]
[Round "7"]
[White "Skourtis, Efstratios"]
[Black "Sidiropoulos, Nikolaos"]
[Result "1/2-1/2"]
[Board "4"]
[WhiteElo "1954"]
[WhiteCountry "GRE"]
[WhiteFideId "4204980"]
[WhiteEloChange "2"]
[BlackElo "2025"]
[BlackCountry "GRE"]
[BlackFideId "4217250"]
[BlackEloChange "-2"]

1. e4 {[%clk 1:30:57]} g6 {[%clk 1:28:20]} 2. d4 {[%clk 1:31:11]} Bg7 {[%clk
1:28:42]} 3. Nc3 {[%clk 1:31:26]} c6 {[%clk 1:29:06]} 4. f4 {[%clk 1:30:33]} d5
{[%clk 1:29:00]} 5. e5 {[%clk 1:29:59]} Nh6 {[%clk 1:29:05]} 6. Nf3 {[%clk
1:28:32]} Bg4 {[%clk 1:29:08]} 7. Be3 {[%clk 1:24:41]} f6 {[%clk 1:27:06]} 8. h3
{[%clk 1:18:47]} Bxf3 {[%clk 1:27:00]} 9. Qxf3 {[%clk 1:17:09]} O-O {[%clk
1:27:01]} 10. e6 {[%clk 1:05:53]} Qd6 {[%clk 1:25:41]} 11. g4 {[%clk 1:03:37]}
Qxe6 {[%clk 1:25:10]} 12. O-O-O {[%clk 1:00:29]} f5 {[%clk 1:24:47]} 13. g5
{[%clk 0:57:22]} Nf7 {[%clk 1:24:57]} 14. h4 {[%clk 0:57:18]} Nd6 {[%clk
1:24:54]} 15. h5 {[%clk 0:54:12]} b5 {[%clk 1:23:06]} 16. Bg2 {[%clk 0:43:50]}
Ne4 {[%clk 1:22:32]} 17. Nxe4 {[%clk 0:37:50]} dxe4 {[%clk 1:22:37]} 18. Qh3
{[%clk 0:34:27]} Na6 {[%clk 1:12:22]} 19. hxg6 {[%clk 0:30:32]} Qxg6 {[%clk
1:10:15]} 20. Bf1 {[%clk 0:28:06]} Nb4 {[%clk 1:09:42]} 21. Be2 {[%clk 0:28:17]}
Nd5 {[%clk 1:07:52]} 22. Bh5 {[%clk 0:20:34]} Qe6 {[%clk 1:08:01]} 23. Be2 {[%clk
0:20:46]} Qg6 {[%clk 1:07:54]} 24. Bh5 {[%clk 0:21:09]} Qe6 {[%clk 1:07:17]} 25.
Be2 {[%clk 0:21:31]} Qg6 {[%clk 1:07:42]} 1/2-1/2

[Event "Greek Team Championship"]
[Site "chess24.com"]
[Date "2017.07.08"]
[Round "7"]
[White "Zimina, Olga"]
[Black "Markantonaki, Haritomeni"]
[Result "1-0"]
[Board "5"]
[WhiteElo "2390"]
[WhiteTitle "IM"]
[WhiteCountry "ITA"]
[WhiteFideId "4132190"]
[WhiteEloChange "6"]
[BlackElo "2222"]
[BlackTitle "WFM"]
[BlackCountry "GRE"]
[BlackFideId "4207050"]
[BlackEloChange "-6"]

1. Nf3 {[%clk 1:30:52]} Nf6 {[%clk 1:30:48]} 2. c4 {[%clk 1:30:40]} e6 {[%clk
1:31:03]} 3. g3 {[%clk 1:31:05]} d5 {[%clk 1:31:11]} 4. Bg2 {[%clk 1:31:29]} d4
{[%clk 1:31:18]} 5. O-O {[%clk 1:31:34]} c5 {[%clk 1:31:40]} 6. d3 {[%clk
1:31:14]} Nc6 {[%clk 1:31:30]} 7. e3 {[%clk 1:31:30]} Bd6 {[%clk 1:31:00]} 8.
exd4 {[%clk 1:31:45]} cxd4 {[%clk 1:31:25]} 9. Na3 {[%clk 1:31:16]} O-O {[%clk
1:31:41]} 10. Nc2 {[%clk 1:30:03]} e5 {[%clk 1:31:58]} 11. Rb1 {[%clk 1:30:21]}
Bg4 {[%clk 1:31:34]} 12. h3 {[%clk 1:28:27]} Bh5 {[%clk 1:30:17]} 13. Re1 {[%clk
1:25:24]} Re8 {[%clk 1:28:56]} 14. g4 {[%clk 1:20:11]} Bg6 {[%clk 1:29:09]} 15.
Bg5 {[%clk 1:18:15]} a5 {[%clk 1:22:49]} 16. a3 {[%clk 1:09:51]} a4 {[%clk
1:13:34]} 17. Nb4 {[%clk 1:00:02]} Nxb4 {[%clk 1:10:40]} 18. axb4 {[%clk
1:00:18]} a3 {[%clk 1:09:11]} 19. c5 {[%clk 0:54:24]} Bc7 {[%clk 1:08:40]} 20.
Nh4 {[%clk 0:53:20]} Qb8 {[%clk 0:50:45]} 21. Nxg6 {[%clk 0:44:00]} hxg6 {[%clk
0:49:21]} 22. Qf3 {[%clk 0:42:32]} Nh7 {[%clk 0:41:37]} 23. Bd2 {[%clk 0:41:53]}
axb2 {[%clk 0:40:39]} 24. Qxb7 {[%clk 0:41:25]} Ra3 {[%clk 0:40:37]} 25. Rxb2
{[%clk 0:17:29]} Rxd3 {[%clk 0:38:30]} 26. b5 {[%clk 0:15:43]} Rxd2 {[%clk
0:25:25]} 27. Rxd2 {[%clk 0:15:54]} Ba5 {[%clk 0:25:50]} 28. Rdd1 {[%clk
0:12:14]} Bxe1 {[%clk 0:25:59]} 29. Rxe1 {[%clk 0:12:34]} Ng5 {[%clk 0:23:55]}
30. Qxb8 {[%clk 0:12:12]} Rxb8 {[%clk 0:24:21]} 31. Rxe5 {[%clk 0:12:26]} f6
{[%clk 0:24:22]} 32. Rd5 {[%clk 0:06:22]} Rxb5 {[%clk 0:23:27]} 33. c6 {[%clk
0:06:44]} Rb1+ {[%clk 0:20:22]} 34. Kh2 {[%clk 0:07:10]} Ne6 {[%clk 0:16:49]} 35.
Rd7 {[%clk 0:05:38]} Kf8 {[%clk 0:07:46]} 36. Bd5 {[%clk 0:05:40]} Nf4 {[%clk
0:03:29]} 37. c7 {[%clk 0:05:54]} Rc1 {[%clk 0:03:53]} 38. Bf3 {[%clk 0:04:43]}
1-0

[Event "Greek Team Championship"]
[Site "chess24.com"]
[Date "2017.07.08"]
[Round "7"]
[White "Kartsidima, Aikaterini"]
[Black "Psofimi, Milia"]
[Result "1/2-1/2"]
[Board "6"]
[WhiteElo "1405"]
[WhiteCountry "GRE"]
[WhiteFideId "25818040"]
[WhiteEloChange "3"]
[BlackElo "1507"]
[BlackCountry "GRE"]
[BlackFideId "4232135"]
[BlackEloChange "-3"]

1. d4 {[%clk 1:30:53]} Nf6 {[%clk 1:30:49]} 2. Nf3 {[%clk 1:30:59]} d5 {[%clk
1:30:48]} 3. e3 {[%clk 1:30:55]} c5 {[%clk 1:29:19]} 4. c3 {[%clk 1:30:34]} cxd4
{[%clk 1:26:48]} 5. exd4 {[%clk 1:29:45]} Nc6 {[%clk 1:24:11]} 6. Bd3 {[%clk
1:28:21]} Bg4 {[%clk 1:23:38]} 7. O-O {[%clk 1:25:32]} e6 {[%clk 1:23:17]} 8. h3
{[%clk 1:20:38]} Bh5 {[%clk 1:23:09]} 9. Bf4 {[%clk 1:16:00]} Bd6 {[%clk
1:21:09]} 10. Bxd6 {[%clk 1:14:17]} Qxd6 {[%clk 1:21:29]} 11. Nbd2 {[%clk
1:13:51]} O-O {[%clk 1:19:24]} 12. Re1 {[%clk 1:12:14]} Rfe8 {[%clk 1:07:20]} 13.
Qb3 {[%clk 1:10:09]} Qc7 {[%clk 1:03:43]} 14. Ne5 {[%clk 1:07:47]} Nxe5 {[%clk
0:52:39]} 15. Rxe5 {[%clk 1:07:34]} Bg6 {[%clk 0:50:23]} 16. Bxg6 {[%clk
1:01:12]} hxg6 {[%clk 0:50:34]} 17. Rae1 {[%clk 0:55:56]} Rad8 {[%clk 0:43:18]}
18. Qc2 {[%clk 0:50:34]} Rd6 {[%clk 0:28:32]} 19. R5e3 {[%clk 0:40:15]} Ra6
{[%clk 0:13:49]} 20. a3 {[%clk 0:37:28]} Kh7 {[%clk 0:10:24]} 21. Nb3 {[%clk
0:34:07]} Ne4 {[%clk 0:03:42]} 22. Nd2 {[%clk 0:31:32]} Nd6 {[%clk 0:03:29]} 23.
h4 {[%clk 0:25:14]} Nf5 {[%clk 0:03:21]} 24. Rd3 {[%clk 0:25:13]} Rh8 {[%clk
0:03:27]} 25. Nf3 {[%clk 0:22:14]} Kg8 {[%clk 0:03:40]} 26. g3 {[%clk 0:21:39]}
Qe7 {[%clk 0:01:15]} 27. Kg2 {[%clk 0:19:32]} Rb6 {[%clk 0:01:21]} 28. Qe2 {[%clk
0:18:04]} Nd6 {[%clk 0:01:07]} 29. Ne5 {[%clk 0:15:14]} g5 {[%clk 0:00:51]} 30.
hxg5 {[%clk 0:13:41]} Qxg5 {[%clk 0:01:08]} 31. Nd7 {[%clk 0:13:29]} Rc6 {[%clk
0:01:12]} 32. Ne5 {[%clk 0:12:16]} Rc7 {[%clk 0:00:57]} 33. Rdd1 {[%clk 0:11:14]}
Ne4 {[%clk 0:01:04]} 34. Rh1 {[%clk 0:10:52]} Rxh1 {[%clk 0:00:53]} 35. Rxh1
{[%clk 0:11:10]} f6 {[%clk 0:00:47]} 36. Rh5 {[%clk 0:10:18]} Qd2 {[%clk
0:00:51]} 37. Qxd2 {[%clk 0:07:55]} Nxd2 {[%clk 0:01:17]} 38. Nd3 {[%clk
0:07:46]} Kf7 {[%clk 0:01:33]} 39. Rh8 {[%clk 0:04:05]} Nc4 {[%clk 0:00:52]} 40.
Ra8 {[%clk 0:32:33]} b6 {[%clk 0:31:10]} 41. Rh8 {[%clk 0:30:11]} Re7 {[%clk
0:25:33]} 42. f4 {[%clk 0:28:03]} Kg6 {[%clk 0:25:14]} 43. g4 {[%clk 0:25:44]}
Nd6 {[%clk 0:17:46]} 44. Kf3 {[%clk 0:22:31]} Kf7 {[%clk 0:14:58]} 45. Kg3 {[%clk
0:18:39]} Ne4+ {[%clk 0:13:06]} 46. Kf3 {[%clk 0:18:07]} g5 {[%clk 0:10:49]} 47.
Nb4 {[%clk 0:11:56]} Kg7 {[%clk 0:09:02]} 48. Rc8 {[%clk 0:09:18]} Nd6 {[%clk
0:07:04]} 49. Ra8 {[%clk 0:07:12]} Rc7 {[%clk 0:05:19]} 50. Rd8 {[%clk 0:05:35]}
Nc4 {[%clk 0:04:10]} 51. Nd3 {[%clk 0:05:00]} Re7 {[%clk 0:03:58]} 52. Rc8 {[%clk
0:03:30]} Nd2+ {[%clk 0:03:54]} 53. Ke2 {[%clk 0:03:23]} Ne4 {[%clk 0:03:59]} 54.
Kf3 {[%clk 0:02:53]} Nd6 {[%clk 0:03:31]} 55. Rd8 {[%clk 0:02:24]} Ne4 {[%clk
0:03:36]} 56. Rc8 {[%clk 0:02:41]} Kf7 {[%clk 0:03:45]} 57. Rh8 {[%clk 0:02:36]}
Kg7 {[%clk 0:03:40]} 58. Rc8 {[%clk 0:02:48]} gxf4 {[%clk 0:03:46]} 59. Kxf4
{[%clk 0:02:58]} Nd6 {[%clk 0:03:30]} 60. Rd8 {[%clk 0:03:12]} Nf7 {[%clk
0:03:31]} 61. Rc8 {[%clk 0:03:13]} Ng5 {[%clk 0:02:33]} 62. Rd8 {[%clk 0:02:46]}
Nh3+ {[%clk 0:02:39]} 63. Kg3 {[%clk 0:03:02]} Ng5 {[%clk 0:03:05]} 64. Kf4
{[%clk 0:02:34]} Nf7 {[%clk 0:02:47]} 65. Rc8 {[%clk 0:02:47]} e5+ {[%clk
0:02:44]} 66. dxe5 {[%clk 0:02:59]} fxe5+ {[%clk 0:03:02]} 67. Ke3 {[%clk
0:03:13]} Rd7 {[%clk 0:02:32]} 68. Re8 {[%clk 0:03:23]} d4+ {[%clk 0:01:48]} 69.
cxd4 {[%clk 0:03:21]} 1/2-1/2

[Event "Greek Team Championship"]
[Site "chess24.com"]
[Date "2017.07.08"]
[Round "7"]
[White "Bichaki, Ourania"]
[Black "Kartsidima, Aggeliki"]
[Result "0-1"]
[Board "7"]
[WhiteElo "1005"]
[WhiteCountry "GRE"]
[WhiteFideId "25830368"]
[WhiteEloChange "-4"]
[BlackElo "1224"]
[BlackCountry "GRE"]
[BlackFideId "25818031"]
[BlackEloChange "4"]

1. e4 {[%clk 1:30:57]} d6 {[%clk 1:30:24]} 2. d4 {[%clk 1:31:18]} c6 {[%clk
1:30:33]} 3. Nc3 {[%clk 1:31:26]} g6 {[%clk 1:30:21]} 4. Nf3 {[%clk 1:31:02]} Bg7
{[%clk 1:29:39]} 5. Be2 {[%clk 1:29:30]} Nf6 {[%clk 1:28:30]} 6. O-O {[%clk
1:27:22]} O-O {[%clk 1:28:04]} 7. Be3 {[%clk 1:26:02]} Nbd7 {[%clk 1:27:44]} 8.
Qd2 {[%clk 1:22:20]} Qc7 {[%clk 1:27:30]} 9. a4 {[%clk 1:16:43]} Rd8 {[%clk
1:25:10]} 10. Rfd1 {[%clk 1:12:12]} b6 {[%clk 1:21:23]} 11. Bh6 {[%clk 1:07:32]}
Bb7 {[%clk 1:17:20]} 12. Bxg7 {[%clk 1:06:15]} Kxg7 {[%clk 1:15:37]} 13. Ng5
{[%clk 0:56:15]} h6 {[%clk 1:11:11]} 14. Nf3 {[%clk 0:54:30]} c5 {[%clk 1:05:48]}
15. d5 {[%clk 0:53:27]} Ng4 {[%clk 1:01:03]} 16. h3 {[%clk 0:48:15]} Nge5 {[%clk
1:01:23]} 17. Nxe5 {[%clk 0:47:50]} Nxe5 {[%clk 1:01:44]} 18. Qf4 {[%clk
0:47:09]} Rh8 {[%clk 0:53:16]} 19. Qg3 {[%clk 0:43:33]} Rag8 {[%clk 0:43:02]} 20.
f4 {[%clk 0:42:34]} Nd7 {[%clk 0:42:49]} 21. Rd3 {[%clk 0:40:19]} Kf8 {[%clk
0:42:00]} 22. Rf1 {[%clk 0:38:33]} Ba6 {[%clk 0:39:05]} 23. Nb5 {[%clk 0:38:16]}
Bxb5 {[%clk 0:39:11]} 24. axb5 {[%clk 0:38:41]} g5 {[%clk 0:30:35]} 25. Rdf3
{[%clk 0:34:09]} f6 {[%clk 0:27:20]} 26. fxg5 {[%clk 0:32:09]} Rxg5 {[%clk
0:27:11]} 27. Qf4 {[%clk 0:32:10]} Ne5 {[%clk 0:23:51]} 28. R3f2 {[%clk 0:30:25]}
Ng6 {[%clk 0:20:50]} 29. Qe3 {[%clk 0:29:30]} Rg8 {[%clk 0:19:52]} 30. h4 {[%clk
0:29:13]} Nxh4 {[%clk 0:18:20]} 31. Kh1 {[%clk 0:26:54]} Nxg2 {[%clk 0:17:07]}
32. Qh3 {[%clk 0:26:37]} R8g6 {[%clk 0:15:04]} 33. Rg1 {[%clk 0:22:39]} Nf4
{[%clk 0:15:08]} 34. Qe3 {[%clk 0:16:57]} Rxg1+ {[%clk 0:15:22]} 35. Kh2 {[%clk
0:17:18]} R1g2+ {[%clk 0:14:49]} 36. Kh1 {[%clk 0:16:02]} Rxf2 {[%clk 0:15:12]}
37. Qxf2 {[%clk 0:16:20]} Nxe2 {[%clk 0:15:36]} 38. Qxe2 {[%clk 0:16:43]} Qd7
{[%clk 0:15:41]} 39. Qf3 {[%clk 0:15:53]} Qg4 {[%clk 0:15:55]} 40. Qxg4 {[%clk
0:45:30]} Rxg4 {[%clk 0:46:16]} 41. Kh2 {[%clk 0:45:33]} Rxe4 {[%clk 0:46:41]}
42. Kg3 {[%clk 0:44:54]} Re2 {[%clk 0:46:58]} 0-1

[Event "Greek Team Championship"]
[Site "chess24.com"]
[Date "2017.07.08"]
[Round "7"]
[White "Tsiros, Fragkiskos Vlasios"]
[Black "Alexakis, Georgios"]
[Result "1-0"]
[Board "8"]
[WhiteElo "2163"]
[WhiteCountry "GRE"]
[WhiteFideId "4228200"]
[WhiteEloChange "7"]
[BlackElo "2048"]
[BlackCountry "GRE"]
[BlackFideId "4255038"]
[BlackEloChange "-7"]

1. Nf3 {[%clk 1:26:03]} Nf6 {[%clk 1:30:16]} 2. c4 {[%clk 1:26:19]} e6 {[%clk
1:30:06]} 3. g3 {[%clk 1:26:26]} d5 {[%clk 1:28:55]} 4. Bg2 {[%clk 1:26:31]} Bd6
{[%clk 1:26:59]} 5. O-O {[%clk 1:26:09]} O-O {[%clk 1:27:08]} 6. Nc3 {[%clk
1:21:39]} c6 {[%clk 1:26:07]} 7. d3 {[%clk 1:20:09]} Nbd7 {[%clk 1:24:26]} 8. e4
{[%clk 1:15:16]} dxe4 {[%clk 1:02:36]} 9. dxe4 {[%clk 1:15:29]} Qe7 {[%clk
1:02:13]} 10. Nd4 {[%clk 1:12:45]} Nb6 {[%clk 0:55:03]} 11. Qe2 {[%clk 1:06:50]}
e5 {[%clk 0:54:40]} 12. Nf5 {[%clk 1:06:50]} Bxf5 {[%clk 0:54:06]} 13. exf5
{[%clk 1:07:19]} h6 {[%clk 0:47:26]} 14. b3 {[%clk 0:46:19]} a5 {[%clk 0:44:06]}
15. Bb2 {[%clk 0:44:37]} Bc5 {[%clk 0:40:45]} 16. Rfe1 {[%clk 0:32:47]} Rfe8
{[%clk 0:39:06]} 17. Rad1 {[%clk 0:32:46]} Qc7 {[%clk 0:32:41]} 18. g4 {[%clk
0:29:35]} Bd4 {[%clk 0:25:41]} 19. h4 {[%clk 0:27:39]} Nh7 {[%clk 0:14:03]} 20.
Qf3 {[%clk 0:24:49]} Rad8 {[%clk 0:10:20]} 21. Qg3 {[%clk 0:24:07]} f6 {[%clk
0:08:53]} 22. Ba3 {[%clk 0:23:08]} Nc8 {[%clk 0:06:28]} 23. Ne4 {[%clk 0:23:05]}
c5 {[%clk 0:04:57]} 24. g5 {[%clk 0:18:02]} Kh8 {[%clk 0:03:18]} 25. Bc1 {[%clk
0:10:07]} Nd6 {[%clk 0:01:49]} 26. Nxd6 {[%clk 0:09:00]} Rxd6 {[%clk 0:01:59]}
27. g6 {[%clk 0:08:56]} Nf8 {[%clk 0:02:15]} 28. Bd5 {[%clk 0:09:24]} Rxd5 {[%clk
0:01:11]} 29. cxd5 {[%clk 0:09:47]} Rd8 {[%clk 0:01:02]} 30. Qg2 {[%clk 0:09:24]}
Qd7 {[%clk 0:00:48]} 31. Qe4 {[%clk 0:08:26]} Kg8 {[%clk 0:00:43]} 32. Kg2 {[%clk
0:08:36]} Qd6 {[%clk 0:00:51]} 33. Be3 {[%clk 0:07:26]} Nd7 {[%clk 0:00:38]} 34.
f4 {[%clk 0:04:55]} Kf8 {[%clk 0:00:39]} 35. a3 {[%clk 0:03:54]} b6 {[%clk
0:00:42]} 36. Kf3 {[%clk 0:00:46]} Rb8 {[%clk 0:00:47]} 37. Kg2 {[%clk 0:00:37]}
Rd8 {[%clk 0:01:01]} 38. Bd2 {[%clk 0:00:54]} Rb8 {[%clk 0:01:03]} 39. Rb1 {[%clk
0:01:08]} Ra8 {[%clk 0:00:53]} 40. Be3 {[%clk 0:30:58]} Rd8 {[%clk 0:30:56]} 41.
Bxd4 {[%clk 0:25:18]} cxd4 {[%clk 0:30:28]} 42. b4 {[%clk 0:25:07]} axb4 {[%clk
0:27:39]} 43. axb4 {[%clk 0:25:32]} Ra8 {[%clk 0:25:30]} 44. Rec1 {[%clk
0:15:56]} exf4 {[%clk 0:16:52]} 45. Qe6 {[%clk 0:15:34]} f3+ {[%clk 0:13:49]} 46.
Kf1 {[%clk 0:13:21]} Qxe6 {[%clk 0:03:52]} 47. fxe6 {[%clk 0:13:47]} Ne5 {[%clk
0:04:16]} 48. d6 {[%clk 0:14:07]} Nxg6 {[%clk 0:02:20]} 49. Rc7 {[%clk 0:12:42]}
Nf4 {[%clk 0:02:06]} 50. e7+ {[%clk 0:10:05]} Kf7 {[%clk 0:01:45]} 51. Rbc1
{[%clk 0:10:02]} Nd5 {[%clk 0:01:19]} 52. Rc8 {[%clk 0:10:06]} Ne3+ {[%clk
0:01:05]} 53. Kf2 {[%clk 0:09:51]} Ng4+ {[%clk 0:01:16]} 54. Kg3 {[%clk 0:09:50]}
Rxc8 {[%clk 0:01:14]} 55. Rxc8 {[%clk 0:10:18]} 1-0

[Event "Greek Team Championship"]
[Site "chess24.com"]
[Date "2017.07.08"]
[Round "7"]
[White "Alexakis, Dimitris"]
[Black "Trimitzios, Petros"]
[Result "0-1"]
[Board "9"]
[WhiteElo "2044"]
[WhiteCountry "GRE"]
[WhiteFideId "4277023"]
[WhiteEloChange "-6"]
[BlackElo "2199"]
[BlackCountry "GRE"]
[BlackFideId "25808796"]
[BlackEloChange "6"]

1. e4 {[%clk 1:29:51]} e5 {[%clk 1:30:36]} 2. Nf3 {[%clk 1:30:15]} Nc6 {[%clk
1:30:37]} 3. d4 {[%clk 1:29:52]} exd4 {[%clk 1:29:27]} 4. Nxd4 {[%clk 1:30:16]}
Nf6 {[%clk 1:28:40]} 5. Nc3 {[%clk 1:30:26]} Bb4 {[%clk 1:27:05]} 6. Nxc6 {[%clk
1:30:48]} bxc6 {[%clk 1:27:10]} 7. Bd3 {[%clk 1:31:12]} O-O {[%clk 1:26:30]} 8.
O-O {[%clk 1:31:33]} d5 {[%clk 1:26:55]} 9. exd5 {[%clk 1:31:59]} cxd5 {[%clk
1:27:23]} 10. h3 {[%clk 1:27:26]} h6 {[%clk 1:24:21]} 11. Qf3 {[%clk 1:26:48]}
Be6 {[%clk 1:19:50]} 12. Ne2 {[%clk 1:24:37]} Bd6 {[%clk 1:16:20]} 13. c3 {[%clk
1:22:27]} c5 {[%clk 1:11:01]} 14. Ng3 {[%clk 1:09:36]} Nd7 {[%clk 1:01:12]} 15.
Nf5 {[%clk 0:52:42]} Ne5 {[%clk 0:58:21]} 16. Qg3 {[%clk 0:51:19]} Bxf5 {[%clk
0:58:49]} 17. Bxf5 {[%clk 0:51:39]} Qf6 {[%clk 0:59:10]} 18. f4 {[%clk 0:32:42]}
Ng6 {[%clk 0:50:07]} 19. Bxg6 {[%clk 0:20:45]} fxg6 {[%clk 0:48:37]} 20. Qd3
{[%clk 0:20:05]} d4 {[%clk 0:42:48]} 21. Bd2 {[%clk 0:11:39]} Rfe8 {[%clk
0:39:17]} 22. cxd4 {[%clk 0:03:41]} cxd4 {[%clk 0:37:11]} 23. Rac1 {[%clk
0:03:36]} Rad8 {[%clk 0:30:44]} 24. Rc6 {[%clk 0:00:56]} Qf5 {[%clk 0:24:12]} 25.
Qxf5 {[%clk 0:00:36]} gxf5 {[%clk 0:24:41]} 26. Rf3 {[%clk 0:00:37]} Re4 {[%clk
0:23:39]} 27. Kf1 {[%clk 0:00:40]} Kf7 {[%clk 0:22:41]} 28. g3 {[%clk 0:00:37]}
Ke6 {[%clk 0:22:37]} 29. b4 {[%clk 0:00:35]} Kd5 {[%clk 0:20:01]} 30. b5 {[%clk
0:00:48]} Rde8 {[%clk 0:20:16]} 31. Rf2 {[%clk 0:00:35]} Bc5 {[%clk 0:19:54]} 32.
Rc7 {[%clk 0:00:34]} d3 {[%clk 0:19:13]} 33. Rf3 {[%clk 0:00:36]} Kc4 {[%clk
0:19:32]} 34. Rd7 {[%clk 0:00:36]} Rd4 {[%clk 0:18:59]} 35. Rc7 {[%clk 0:00:36]}
Re2 {[%clk 0:17:34]} 36. Bc3 {[%clk 0:00:35]} Kxc3 {[%clk 0:17:19]} 37. Rxc5+
{[%clk 0:01:02]} Kd2 {[%clk 0:17:31]} 38. b6 {[%clk 0:00:37]} Rb4 {[%clk
0:12:42]} 39. Rxd3+ {[%clk 0:00:34]} Kxd3 {[%clk 0:13:01]} 40. Rd5+ {[%clk
0:31:04]} Ke4 {[%clk 0:42:57]} 41. a3 {[%clk 0:07:36]} Kxd5 {[%clk 0:42:56]} 42.
axb4 {[%clk 0:07:47]} Re7 {[%clk 0:43:24]} 43. bxa7 {[%clk 0:07:51]} Rxa7 {[%clk
0:43:52]} 0-1